Po suchotách má byť z Ružína rybarsky raj za všetko môže prírodná anomália

Bibliographic Details
Main Author: Karasová, Erika, 1973- (Author)
Format: Article
Language:Slovak
PhysicalDescription:Fotogr.
ISSN:1335-7590
Subjects:

MARC

LEADER 00000nab a2200000 ar4500
001 vtls010556548
003 SK-MaSNL
005 20260303085558.0
008 170922c20120817xo mr|p|||||||000 b|slo
038 |a SNSK 
040 |b slo  |c SNSK  |e AACR2 
041 |a slo 
044 |a xo  |c SK 
080 |a 639.2/.3  |x (437.672)  |2 2001 
100 1 |a Karasová, Erika,  |d 1973-  |4 aut  |9 89869 
245 1 0 |a Po suchotách má byť z Ružína rybarsky raj  |b za všetko môže prírodná anomália  |c Erika Karasová 
300 |b Fotogr. 
650 0 7 |a rybárstvo  |2 snsk  |9 2776 
651 7 |a Ružín (Slovensko : vodná nádrž)  |2 snsk  |9 17017 
651 7 |a Margecany (Slovensko)  |2 snsk  |9 43538 
651 7 |a Gelnica (Slovensko : okres)  |2 snsk  |9 168677 
773 0 |t Spišský Korzár  |g Roč. XIV., č. 191 (17.8.2012), s. 3  |x 1335-7590 
852 |a SNSK  |b KIS3GCP 
999 |c 1799749  |d 1801679